[Event "Solingen-ch 2016"]
[Site "Solingen"]
[Date "2016.10.21"]
[Round "4.13"]
[White "Schubert, Stefan"]
[Black "Bauer, Matthias"]
[Result "1-0"]
[WhiteElo "1229"]
[BlackElo "1688"]
[PlyCount "133"]
[EventDate "2016.??.??"]
[WhiteTeam "SG Solingen"]
[BlackTeam "SV Günnigfeld"]

1. d4 f5 2. Bf4 d5 3. e3 e6 4. Nf3 Nf6 5. Bd3 c6 6. Nbd2 Be7 7. Ne5 O-O 8. Qf3
Nbd7 9. h3 Ne4 10. g4 Nxe5 11. dxe5 Bh4 12. Rh2 Nxf2 13. Rxf2 Bxf2+ 14. Kxf2
Qh4+ 15. Qg3 Qxg3+ 16. Kxg3 fxg4 17. hxg4 h6 18. Rh1 g5 19. Rxh6 gxf4+ 20. exf4
Rf7 21. Nf3 Bd7 22. Ng5 Re7 23. Nh7 Kg7 24. g5 Rh8 25. Nf6 Rxh6 26. gxh6+ Kh8
27. Bg6 c5 28. b3 b5 29. Kf3 Bc6 30. Ke3 a5 31. c3 Ra7 32. f5 exf5 33. Bxf5 Re7
34. e6 Ra7 35. Nd7 Bxd7 36. exd7 Ra8 37. Kd3 Rd8 38. a4 bxa4 39. bxa4 Kg8 40.
c4 d4 41. Ke4 Kf7 42. Kd3 Kf6 43. Bg4 Kg6 44. h7 Kxh7 45. Ke4 Kg7 46. Kd5 d3
47. Kd6 Kf6 48. Kc7 Rf8 49. d8=Q+ Rxd8 50. Kxd8 Ke5 51. Kd7 Kd4 52. Kc6 Kxc4
53. Bd1 Kb4 54. Kd5 c4 55. Kd4 d2 56. Ke3 c3 57. Kd3 Kc5 58. Kxc3 Kd5 59. Kxd2
Kd4 60. Bc2 Kc4 61. Ke3 Kc3 62. Bd1 Kb4 63. Kd4 Ka3 64. Kc5 Kb2 65. Kb5 Kc3 66.
Kxa5 Kc4 67. Kb6 1-0

[Event "Solingen-ch 2016"]
[Site "Solingen"]
[Date "2016.10.21"]
[Round "4.14"]
[White "Bashylina, Luisa"]
[Black "Wallrodt, Alexander"]
[Result "1-0"]
[WhiteElo "1561"]
[BlackElo "948"]
[PlyCount "121"]
[EventDate "2016.??.??"]
[WhiteTeam "SG Solingen"]
[BlackTeam "SG Solingen"]

1. e4 e5 2. Nf3 Nf6 3. Nxe5 Nxe4 4. Qe2 Qe7 5. Qxe4 d6 6. d4 dxe5 7. Qxe5 Qxe5+
8. dxe5 Nc6 9. Bf4 Be6 10. Nc3 O-O-O 11. a3 g6 12. Bb5 Bd7 13. O-O-O Bg7 14.
Rhe1 Rhe8 15. Bg5 f6 16. exf6 Bh8 17. f7 Rxe1 18. Rxe1 Rf8 19. Bxc6 Bxc6 20.
Re7 Bg7 21. Bf4 Kd8 22. Rxc7 h6 23. Bd6 Rh8 24. Ne2 h5 25. Kb1 Bf8 26. Bxf8
Rxf8 27. Nf4 Kxc7 28. Ne6+ Kd7 29. Nxf8+ Ke7 30. Nxg6+ Kxf7 31. Ne5+ Kf6 32.
Nxc6 bxc6 33. Kc1 Kg5 34. Kd2 Kf5 35. Kd3 Ke5 36. Ke3 Kf5 37. f4 a6 38. b4 Ke6
39. Ke4 Kf6 40. f5 Ke7 41. Ke5 Ke8 42. Ke6 Kf8 43. Kd6 Kf7 44. Kxc6 Kf6 45. c4
Kxf5 46. c5 Kf4 47. Kd6 Ke3 48. c6 Kf2 49. c7 Kxg2 50. c8=Q Kxh2 51. Qh8 a5 52.
Qxh5+ Kg3 53. Qf5 axb4 54. axb4 Kh4 55. Qg6 Kh3 56. Qg5 Kh2 57. Qg4 Kh1 58. Kd5
Kh2 59. Ke4 Kh1 60. Kf3 Kh2 61. Qg2# 1-0

[Event "Solingen-ch 2016"]
[Site "Solingen"]
[Date "2016.10.21"]
[Round "4.15"]
[White "Schubert, Florian"]
[Black "Ehringfeld, Michael"]
[Result "0-1"]
[WhiteElo "982"]
[BlackElo "1588"]
[PlyCount "82"]
[EventDate "2016.??.??"]
[WhiteTeam "SG Solingen"]
[BlackTeam "SG Solingen"]

1. e4 c6 2. Nc3 d5 3. exd5 cxd5 4. d4 e6 5. Nf3 Nc6 6. Bf4 Bb4 7. Bd3 Nf6 8.
O-O a6 9. Ne2 Bd7 10. Ne5 Rc8 11. c3 Be7 12. Nxd7 Qxd7 13. Ng3 h6 14. Nh5 g5
15. Nxf6+ Bxf6 16. Bg3 Be7 17. Re1 Bd6 18. Qf3 Bxg3 19. Qxg3 Kd8 20. f4 Qc7 21.
Rf1 Ke7 22. Rae1 Rcg8 23. Qf3 gxf4 24. Qxf4 Qxf4 25. Rxf4 Rg7 26. b4 Kd6 27.
Ref1 Nd8 28. b5 a5 29. a4 Rhg8 30. g3 b6 31. c4 f5 32. h3 Rxg3+ 33. Kh2 Rxd3
34. cxd5 Kxd5 35. Rc1 Rd2+ 36. Kh1 Rgg2 37. Rc8 Nf7 38. Rc7 Nd6 39. h4 Rge2 40.
Rf1 Rh2+ 41. Kg1 Rdg2# 0-1

[Event "Solingen-ch 2016"]
[Site "Solingen"]
[Date "2016.11.04"]
[Round "5.1"]
[White "Kniest, Oliver"]
[Black "Zolfagharian, Kevin"]
[Result "1/2-1/2"]
[WhiteElo "2295"]
[BlackElo "2143"]
[PlyCount "38"]
[EventDate "2016.??.??"]
[WhiteTeam "SG Solingen"]
[BlackTeam "SG Solingen"]

1. e4 c5 2. Nc3 Nc6 3. Bb5 Nd4 4. Bc4 g6 5. Nf3 Bg7 6. Nxd4 cxd4 7. Qf3 Nh6 8.
Ne2 O-O 9. d3 Qa5+ 10. Bd2 Qb6 11. Bb3 d6 12. h3 Kh8 13. g4 f5 14. gxf5 e6 15.
Qg3 exf5 16. Qh4 Nf7 17. f4 fxe4 18. dxe4 Qc6 19. Ng3 Qe8 1/2-1/2

[Event "Solingen-ch 2016"]
[Site "Solingen"]
[Date "2016.11.04"]
[Round "5.2"]
[White "Kesseler, Heiko"]
[Black "Flesch, Dr. Stefan"]
[Result "1-0"]
[WhiteElo "2100"]
[BlackElo "2057"]
[PlyCount "137"]
[EventDate "2016.??.??"]
[WhiteTeam "Düsseldorfer SK"]
[BlackTeam "SG Solingen"]

1. e4 e6 2. d4 d5 3. Nc3 Bb4 4. e5 b6 5. Qg4 Bf8 6. Bg5 Qd7 7. Bb5 Nc6 8. a3
Bb7 9. Nf3 h6 10. Be3 Nge7 11. h4 h5 12. Qh3 Nf5 13. Ne2 a6 14. Bd3 Nce7 15.
Bg5 c5 16. c3 Bc6 17. b3 g6 18. O-O Bg7 19. Rfd1 O-O 20. Bf6 Nh6 21. Qg3 Nef5
22. Qg5 Ng4 23. Bxg7 Nxg7 24. Nh2 Nxh2 25. Kxh2 Qd8 26. g4 Qxg5 27. hxg5 hxg4
28. Rg1 c4 29. bxc4 dxc4 30. Bxc4 Bf3 31. Rgc1 Nh5 32. Ng1 Be4 33. Be2 Bf5 34.
Bf1 Kg7 35. Ne2 Rh8 36. Kg1 Bd3 37. Ng3 Bxf1 38. Rxf1 Nf4 39. Rfe1 Nh3+ 40. Kg2
Nxg5 41. Ne4 Nxe4 42. Rxe4 Rac8 43. Rc1 Rh3 44. Re3 b5 45. Rxh3 gxh3+ 46. Kxh3
Rc4 47. Kg4 a5 48. Kf4 b4 49. Ke3 b3 50. Kd3 Ra4 51. Ra1 b2 52. Rb1 Rxa3 53.
Rxb2 g5 54. Kc2 Kg6 55. c4 Kf5 56. c5 Rh3 57. Rb8 Ke4 58. Rd8 Rh2 59. c6 Rxf2+
60. Kb3 a4+ 61. Kxa4 Rc2 62. Kb5 g4 63. Kb6 Rb2+ 64. Kc5 Rc2+ 65. Kd6 g3 66.
Rg8 g2 67. c7 Kxd4 68. Rxg2 Rxc7 69. Rg4+ 1-0

[Event "Solingen-ch 2016"]
[Site "Solingen"]
[Date "2016.11.04"]
[Round "5.3"]
[White "Nguyen, Gia Huy Philipp"]
[Black "Speck, Stefan"]
[Result "1/2-1/2"]
[WhiteElo "1843"]
[BlackElo "1995"]
[PlyCount "106"]
[EventDate "2016.??.??"]
[WhiteTeam "SG Solingen"]
[BlackTeam "SC Solingen 28"]

1. e4 d6 2. d4 Nf6 3. Nc3 e5 4. dxe5 dxe5 5. Qxd8+ Kxd8 6. Nf3 Bd6 7. Bc4 Be6
8. Bxe6 fxe6 9. Bg5 Nc6 10. O-O-O Ke7 11. a3 a6 12. Nd2 Nd4 13. Nc4 b5 14. Nxe5
Bxe5 15. f4 Nc6 16. fxe5 Nxe5 17. Rhf1 Rhf8 18. Ne2 h6 19. Bh4 Rad8 20. Rxd8
Rxd8 21. Bg3 Nc4 22. Nc3 c6 23. h3 Rd2 24. Rf2 Rxf2 25. Bxf2 e5 26. a4 Ke6 27.
axb5 axb5 28. Bc5 Nh5 29. h4 Nf4 30. g3 Nh5 31. g4 Nf6 32. g5 hxg5 33. hxg5 Nd7
34. Bf2 Nd6 35. b4 Kf7 36. Kd1 Kg6 37. Be3 Nf7 38. Kd2 Nxg5 39. Kd3 Ne6 40. Ne2
Kh5 41. c4 g5 42. cxb5 cxb5 43. Nc3 Nc7 44. Nxb5 Nxb5 45. Kc4 Nc7 46. b5 Kg4
47. b6 Nxb6+ 48. Bxb6 Ne8 49. Be3 Nd6+ 50. Kd5 Nf7 51. Ke6 Kf3 52. Bxg5 Nxg5+
53. Kxe5 Nxe4 1/2-1/2

[Event "Solingen-ch 2016"]
[Site "Solingen"]
[Date "2016.11.01"]
[Round "5.4"]
[White "Fränzel, Dr. Marius"]
[Black "Beyer, Fabian"]
[Result "1-0"]
[WhiteElo "1786"]
[BlackElo "1963"]
[PlyCount "83"]
[EventDate "2016.??.??"]
[WhiteTeam "SG Solingen"]
[BlackTeam "SG Solingen"]

1. e4 c6 2. d4 d5 3. exd5 cxd5 4. c4 Nf6 5. Nf3 Nc6 6. Bg5 Ne4 7. Be3 e6 8. a3
Be7 9. Bd3 f5 10. b4 Bf6 11. O-O O-O 12. Ra2 Bd7 13. Qb3 Ne7 14. Rc2 Qe8 15. b5
Qf7 16. Nc3 Rfc8 17. c5 h6 18. Rfc1 g5 19. Ne5 Bxe5 20. dxe5 Nxc5 21. Bxc5 Rxc5
22. Na4 Rxc2 23. Rxc2 Rc8 24. Nc5 Ng6 25. Nxb7 Rxc2 26. Bxc2 Nxe5 27. Qe3 Nc4
28. Qxa7 Bxb5 29. a4 Bc6 30. Qb8+ Kg7 31. Nd8 Qd7 32. a5 Qd6 33. Qxd6 Nxd6 34.
Nxc6 Nc4 35. a6 Kf6 36. Bd3 Nb6 37. a7 e5 38. Ba6 d4 39. Nb4 Ke6 40. Bb7 e4 41.
Kf1 Kd6 42. Nd5 1-0

[Event "Solingen-ch 2016"]
[Site "Solingen"]
[Date "2016.11.04"]
[Round "5.5"]
[White "Falge, Rainer"]
[Black "Schmuck, Markus"]
[Result "0-1"]
[WhiteElo "1799"]
[BlackElo "1874"]
[PlyCount "76"]
[EventDate "2016.??.??"]
[WhiteTeam "SG Solingen"]
[BlackTeam "SG Solingen"]

1. e4 d6 2. d4 e5 3. dxe5 dxe5 4. Qxd8+ Kxd8 5. Bc4 f6 6. Nc3 Nc6 7. Be3 Bd6 8.
Nb5 a6 9. Nxd6 cxd6 10. Bb6+ Ke7 11. O-O-O Be6 12. Bxe6 Kxe6 13. Bc7 Nd4 14.
Bb6 Nc6 15. Bc7 Rc8 16. Bb6 Nge7 17. Ne2 d5 18. exd5+ Nxd5 19. Be3 Na5 20. Bd2
Nc4 21. Nc3 Nxd2 22. Nxd5 Ne4 23. Rhf1 Rc5 24. Ne3 Rhc8 25. f3 Nd6 26. Rf2 h5
27. Rfd2 R5c6 28. g3 g5 29. Nd5 Nf5 30. c3 a5 31. g4 Nd4 32. Kb1 Nxf3 33. Rd3
hxg4 34. Nxf6 Kxf6 35. Rd6+ Kf5 36. R6d5 b6 37. Rf1 Ke4 38. Rd7 Rh8 0-1

[Event "Solingen-ch 2016"]
[Site "Solingen"]
[Date "2016.11.04"]
[Round "5.6"]
[White "Borchert, Stephan"]
[Black "Görke, Joachim"]
[Result "1-0"]
[WhiteElo "1964"]
[BlackElo "2106"]
[PlyCount "65"]
[EventDate "2016.??.??"]
[WhiteTeam "SG Solingen"]
[BlackTeam "SG Solingen"]

1. e4 d6 2. d4 Nf6 3. Nc3 e5 4. Nf3 exd4 5. Nxd4 Nc6 6. Nb3 Be7 7. Be2 O-O 8.
O-O Re8 9. f4 Bf8 10. Bf3 Be6 11. g4 Bc4 12. Re1 d5 13. e5 d4 14. Ne2 Bxb3 15.
axb3 Nd5 16. c3 g5 17. b4 gxf4 18. Nxf4 Nxf4 19. Bxf4 Bg7 20. Bxc6 bxc6 21. Re4
d3 22. Ra5 Qh4 23. Bg3 Qh6 24. Qxd3 Qc1+ 25. Re1 Qxb2 26. Bh4 Qb3 27. Rc5 f6
28. Rxc6 Rad8 29. Qf1 Qd5 30. Rc5 Qe6 31. Qf5 Qb6 32. e6 Bf8 33. Bxf6 1-0

[Event "Solingen-ch 2016"]
[Site "Solingen"]
[Date "2016.11.04"]
[Round "5.7"]
[White "Boschek, Dr. Hans-Joachim"]
[Black "Lux, Andreas"]
[Result "1-0"]
[WhiteElo "1948"]
[BlackElo "1857"]
[PlyCount "83"]
[EventDate "2016.??.??"]
[WhiteTeam "SG Solingen"]
[BlackTeam "vereinslos"]

1. e4 c5 2. Nc3 Nc6 3. g3 g6 4. Bg2 Bg7 5. d3 Nf6 6. f4 O-O 7. Nf3 d6 8. O-O
Bg4 9. h3 Bxf3 10. Rxf3 Nd4 11. Rf2 Rb8 12. Be3 Nd7 13. Qd2 f5 14. Raf1 e6 15.
Nd1 Kh8 16. c3 Nc6 17. Bf3 Nb6 18. Rh2 fxe4 19. dxe4 Nc4 20. Qe2 Nxe3 21. Nxe3
Qc7 22. Rd1 b5 23. Qc2 a5 24. h4 b4 25. Bg4 Rfe8 26. h5 gxh5 27. Rxh5 Bf8 28.
Rd2 Qf7 29. Rdh2 h6 30. Bf3 Ne7 31. Ng4 Ng8 32. Be2 Bg7 33. Qd2 bxc3 34. bxc3
Rb1+ 35. Bf1 Reb8 36. f5 R8b2 37. Nxh6 Qxh5 38. Nf7+ Kh7 39. Rxh5+ Nh6 40. Qg5
Rxf1+ 41. Kxf1 Rb1+ 42. Ke2 1-0

[Event "Solingen-ch 2016"]
[Site "Solingen"]
[Date "2016.11.04"]
[Round "5.8"]
[White "Vranidis, Athanassios"]
[Black "Bashylina, Luisa"]
[Result "1/2-1/2"]
[WhiteElo "1946"]
[BlackElo "1561"]
[PlyCount "89"]
[EventDate "2016.??.??"]
[WhiteTeam "SG Solingen"]
[BlackTeam "SG Solingen"]

1. d4 d5 2. c4 e6 3. Nc3 Nf6 4. Nf3 Nbd7 5. cxd5 exd5 6. Bg5 c6 7. e3 Be7 8.
Bd3 O-O 9. Qc2 Re8 10. O-O Nf8 11. h3 Ne4 12. Bf4 Nxc3 13. Qxc3 f6 14. b4 Ne6
15. Bh2 Bd6 16. Bxd6 Qxd6 17. a4 Bd7 18. Rfc1 Rac8 19. Rab1 Kh8 20. Qb2 Kg8 21.
Rc3 Rc7 22. Qc2 g6 23. Qb2 Rec8 24. Rbc1 Kh8 25. R3c2 Kg8 26. Bf1 Kh8 27. Nd2
Ng5 28. b5 Kg7 29. bxc6 Bxc6 30. Bb5 Bxb5 31. axb5 Ne6 32. Qb3 Qd7 33. Rxc7
Rxc7 34. Rxc7 Nxc7 35. b6 axb6 36. Qxb6 Ne6 37. Nb3 Qc6 38. Qb4 Qc7 39. Qb5 Qc6
40. Qxc6 bxc6 41. Kf1 Kf7 42. Ke2 Ke7 43. Kd3 Kd6 44. Na5 Kc7 45. Nb3 1/2-1/2

[Event "Solingen-ch 2016"]
[Site "Solingen"]
[Date "2016.11.04"]
[Round "5.10"]
[White "Meckel, Helmut"]
[Black "Schubert, Stefan"]
[Result "1-0"]
[WhiteElo "1755"]
[BlackElo "1229"]
[PlyCount "125"]
[EventDate "2016.??.??"]
[WhiteTeam "SG Solingen"]
[BlackTeam "SG Solingen"]

1. e4 e5 2. Nc3 Nf6 3. f4 Nc6 4. fxe5 Nxe5 5. d4 Ng6 6. Nf3 Bb4 7. Bd3 d6 8.
Bg5 h6 9. Bd2 Bd7 10. a3 Bxc3 11. bxc3 O-O 12. O-O Re8 13. e5 dxe5 14. Bxg6
fxg6 15. Nxe5 Bf5 16. g4 Be4 17. Qe2 g5 18. Be3 c5 19. Qc4+ Qd5 20. Qb3 c4 21.
Qb2 Rab8 22. Rf2 Qe6 23. h3 b6 24. Raf1 Kh7 25. Qc1 Bd5 26. Qe1 a5 27. Bd2 Qd6
28. Rf5 Rb7 29. Qf2 Ne4 30. Qh2 Nxd2 31. Qxd2 Be4 32. R5f2 Rbe7 33. Qe3 Bd5 34.
Rf5 Be6 35. Rf8 Bd5 36. Rxe8 Rxe8 37. a4 Re6 38. Rf7 Bc6 39. Qe2 Qd5 40. Qf1
Qh1+ 41. Kf2 Qh2+ 42. Ke1 Be4 43. Qe2 Qg3+ 44. Kd2 Bg6 45. Rf3 Qg1 46. Qxc4
Rxe5 47. dxe5 Qh2+ 48. Qe2 Qg1 49. Qe3 Qb1 50. Rf5 Qa2 51. Qxb6 Qd5+ 52. Qd4
Qg2+ 53. Kc1 Bxf5 54. gxf5 Qf1+ 55. Kb2 Qxf5 56. Qd3 Kg6 57. e6 Qxd3 58. cxd3
Kf6 59. Kc1 h5 60. Kd2 h4 61. Ke3 Kxe6 62. Kf3 g6 63. Kg4 1-0

[Event "Solingen-ch 2016"]
[Site "Solingen"]
[Date "2016.11.04"]
[Round "5.11"]
[White "Zimdars, Wolfgang"]
[Black "Skiber, Friedel"]
[Result "0-1"]
[WhiteElo "1611"]
[BlackElo "1727"]
[PlyCount "81"]
[EventDate "2016.??.??"]
[WhiteTeam "SG Solingen"]
[BlackTeam "SG Solingen"]

1. d4 Nf6 2. Bg5 Ne4 3. Bf4 d6 4. Nf3 g6 5. e3 Bg7 6. Bd3 Nf6 7. h3 Nbd7 8.
Nbd2 O-O 9. c3 Nh5 10. Bh2 e5 11. dxe5 dxe5 12. Be2 Qe7 13. Qc2 a6 14. g4 Nhf6
15. Nb3 b5 16. e4 c5 17. Nbd2 Bb7 18. g5 Nh5 19. Rg1 f5 20. Nh4 Nf4 21. Bxf4
exf4 22. f3 Rae8 23. O-O-O fxe4 24. fxe4 Bxe4 25. Nxe4 Qxe4 26. Bf3 Qe3+ 27.
Qd2 Nb6 28. Qxe3 fxe3 29. Rge1 Rf4 30. Bc6 e2 31. Bxe8 exd1=Q+ 32. Rxd1 Rxh4
33. Rd8 Bf8 34. Rb8 Nc4 35. Bd7 Re4 36. Bc6 Re5 37. Rd8 Kf7 38. h4 Be7 39. Rd7
b4 40. Bb7 a5 41. Bd5+ 0-1

[Event "Solingen-ch 2016"]
[Site "Solingen"]
[Date "2016.11.04"]
[Round "5.12"]
[White "Riesen, Peter"]
[Black "Bauer, Matthias"]
[Result "1/2-1/2"]
[WhiteElo "1686"]
[BlackElo "1688"]
[PlyCount "81"]
[EventDate "2016.??.??"]
[WhiteTeam "Klub Kölner SF"]
[BlackTeam "SV Günnigfeld"]

1. e4 c6 2. d4 d5 3. exd5 cxd5 4. c4 Nf6 5. Nc3 e6 6. Nf3 Be7 7. a3 O-O 8. cxd5
Nxd5 9. Bc4 Nxc3 10. bxc3 Nd7 11. O-O b6 12. Bf4 Bb7 13. Be2 Rc8 14. Qb3 Nf6
15. Rac1 Ne4 16. Rfd1 Ng5 17. c4 Nxf3+ 18. Bxf3 Bxf3 19. Qxf3 Bg5 20. Be3 Bxe3
21. fxe3 Qe7 22. e4 Rc7 23. Rc3 Rfc8 24. Rdc1 Qd7 25. d5 Rc5 26. Qd3 exd5 27.
cxd5 Qd6 28. Qd4 Rxc3 29. Rxc3 Rxc3 30. Qxc3 Qc5+ 31. Qxc5 bxc5 32. e5 Kf8 33.
Kf2 f6 34. e6 Ke7 35. Ke3 g6 36. Kf4 h5 37. h4 Kd6 38. a4 a5 39. Ke4 Ke7 40.
Kd3 Kd6 41. Ke4 1/2-1/2

[Event "Solingen-ch 2016"]
[Site "Solingen"]
[Date "2016.10.28"]
[Round "5.13"]
[White "Ehringfeld, Michael"]
[Black "Wolf, Wieland"]
[Result "1-0"]
[WhiteElo "1588"]
[BlackElo "1350"]
[PlyCount "85"]
[EventDate "2016.??.??"]
[WhiteTeam "SG Solingen"]
[BlackTeam "SG Solingen"]

1. d4 Nf6 2. c4 g6 3. Nc3 Bg7 4. e4 d6 5. f3 O-O 6. Be3 b6 7. Bd3 Bb7 8. Nge2
c5 9. d5 Nbd7 10. O-O Ne5 11. f4 Nxd3 12. Qxd3 Ng4 13. Bd2 a6 14. Qg3 Nf6 15.
Rab1 Rb8 16. f5 Nd7 17. fxg6 hxg6 18. Qh3 Ne5 19. b3 Bc8 20. Qh4 e6 21. Bg5 f6
22. Bh6 Bxh6 23. Qxh6 Rb7 24. Qd2 Rh7 25. Rbd1 f5 26. dxe6 Bxe6 27. exf5 Bxf5
28. Qd5+ Nf7 29. Nf4 Qh4 30. h3 Qg3 31. Rf3 Qg5 32. Ne6 Bxe6 33. Qxe6 Qe5 34.
Qxg6+ Rg7 35. Qf6 Qe8 36. Nd5 Qe2 37. Ne7+ Kh8 38. Qh4+ Rh7 39. Qf6+ Rg7 40.
Rg3 Qxd1+ 41. Kh2 Qd4 42. Ng6+ Kg8 43. Ne7+ 1-0

[Event "Solingen-ch 2016"]
[Site "Solingen"]
[Date "2016.11.04"]
[Round "5.14"]
[White "Barche, Uwe"]
[Black "Wallrodt, Samuel"]
[Result "1-0"]
[WhiteElo "1437"]
[BlackElo "921"]
[PlyCount "97"]
[EventDate "2016.??.??"]
[WhiteTeam "SG Solingen"]
[BlackTeam "SG Solingen"]

1. c4 e6 2. g3 Nf6 3. Bg2 Nc6 4. Nf3 b6 5. Nc3 Bc5 6. O-O O-O 7. a3 Ng4 8. e3
Ba6 9. b4 Bd6 10. b5 Bb7 11. bxc6 Bxc6 12. d3 Qf6 13. Bb2 Ne5 14. Nxe5 Bxe5 15.
Bxc6 dxc6 16. Ne4 Qf5 17. Bxe5 Qxe5 18. Qf3 f5 19. Nd2 Qd6 20. d4 e5 21. d5 e4
22. Qf4 Qg6 23. Qxc7 Rfc8 24. Qe5 Re8 25. Qc3 cxd5 26. cxd5 Rac8 27. Qb3 Rc5
28. Rfc1 Rxd5 29. Qxd5+ Kh8 30. Rc7 Rg8 31. Rac1 Qe8 32. Qc6 Qxc6 33. R1xc6 h6
34. Rc8 Rxc8 35. Rxc8+ Kh7 36. Ra8 h5 37. Rxa7 Kh6 38. h4 g5 39. hxg5+ Kxg5 40.
Kg2 f4 41. exf4+ Kg4 42. Nxe4 h4 43. gxh4 Kxh4 44. Kf3 Kh5 45. f5 Kh6 46. f6
Kg6 47. Kf4 Kh6 48. Kf5 Kh5 49. Rh7# 1-0

[Event "Solingen-ch 2016"]
[Site "Solingen"]
[Date "2016.11.04"]
[Round "5.15"]
[White "Wallrodt, Alexander"]
[Black "Fodor, Bernhard"]
[Result "1/2-1/2"]
[WhiteElo "948"]
[BlackElo "1281"]
[PlyCount "46"]
[EventDate "2016.??.??"]
[WhiteTeam "SG Solingen"]
[BlackTeam "SG Solingen"]

1. d4 e6 2. e3 Nf6 3. Bd3 d5 4. Nf3 Nc6 5. b3 Ne4 6. Nbd2 Bb4 7. O-O f5 8. Ne5
Nxe5 9. dxe5 O-O 10. c4 c6 11. f4 Qa5 12. Nxe4 dxe4 13. Be2 Rd8 14. Qc2 b6 15.
Rd1 Bb7 16. a3 Rxd1+ 17. Qxd1 b5 18. Bb2 Rd8 19. Qc2 Rd2 20. Qc1 Rxe2 21. axb4
Qxb4 22. Qd1 Qd2 23. Qxd2 Rxd2 1/2-1/2

[Event "Solingen-ch 2016"]
[Site "Solingen"]
[Date "2016.11.18"]
[Round "6.1"]
[White "Kniest, Oliver"]
[Black "Fränzel, Dr. Marius"]
[Result "1/2-1/2"]
[WhiteElo "2295"]
[BlackElo "1786"]
[PlyCount "58"]
[EventDate "2016.??.??"]
[WhiteTeam "SG Solingen"]
[BlackTeam "SG Solingen"]

1. c4 e5 2. Nc3 Nf6 3. Nf3 d6 4. d4 exd4 5. Nxd4 Bd7 6. g3 Nc6 7. Bg2 Nxd4 8.
Qxd4 Bc6 9. e4 Be7 10. O-O O-O 11. b3 Nd7 12. Bb2 Bf6 13. Qd2 Re8 14. Rfe1 Rb8
15. Rad1 Qe7 16. f4 Rbd8 17. b4 Nb6 18. Nd5 Bxd5 19. exd5 Qd7 20. Bxf6 gxf6 21.
Qd4 Rxe1+ 22. Rxe1 Re8 23. Rd1 Qa4 24. a3 Nxc4 25. Rc1 b5 26. Rc3 Re1+ 27. Bf1
Qd1 28. Qxd1 Rxd1 29. Kf2 Rxd5 1/2-1/2

[Event "Solingen-ch 2016"]
[Site "Solingen"]
[Date "2016.11.18"]
[Round "6.2"]
[White "Schmuck, Markus"]
[Black "Kesseler, Heiko"]
[Result "0-1"]
[WhiteElo "1874"]
[BlackElo "2100"]
[PlyCount "140"]
[EventDate "2016.??.??"]
[WhiteTeam "SG Solingen"]
[BlackTeam "Düsseldorfer SK"]

1. d4 Nf6 2. Nf3 e6 3. Bf4 d5 4. e3 Bd6 5. Bg3 O-O 6. Nbd2 c5 7. c3 b6 8. Bd3
Bb7 9. O-O Be7 10. Ne5 Nc6 11. Rc1 Rc8 12. Re1 c4 13. Bc2 Nxe5 14. Bxe5 Nd7 15.
Bg3 f5 16. f4 b5 17. Nf3 a5 18. Qd2 Bc6 19. Rb1 b4 20. Red1 Rb8 21. Be1 Qc7 22.
Qf2 Rb7 23. Rdc1 Bb5 24. Bd1 Qb8 25. h3 Nf6 26. Bc2 Bd7 27. Ne5 Bd6 28. Nxd7
Nxd7 29. cxb4 axb4 30. b3 c3 31. Bd3 Nf6 32. Rc2 Kh8 33. Qe2 Rg8 34. Bh4 Qc7
35. g4 Ne4 36. Bxe4 fxe4 37. Rf1 Be7 38. g5 g6 39. Bg3 Bxg5 40. Qg4 Bh6 41.
Qxe6 Qd7 42. Qxd7 Rxd7 43. Kh2 Rf8 44. h4 Bg7 45. Kh3 Kg8 46. Rff2 Ra7 47. Kg4
Ra6 48. Bh2 Rf7 49. Bg3 Rc6 50. Bh2 Bf8 51. Bg3 Be7 52. Kh3 Rf5 53. Kg4 Kg7 54.
Rh2 Rh5 55. Rhf2 Kf6 56. Rf1 Ke6 57. Rcf2 Rf5 58. Rc2 Rc8 59. Be1 Rg8 60. Rff2
h6 61. Rh2 Bd6 62. Bg3 Rgf8 63. Rhf2 g5 64. hxg5 hxg5 65. Rh2 gxf4 66. Rh6+
R5f6 67. Rxf6+ Rxf6 68. exf4 Rg6+ 69. Kh3 Kf5 70. Bh4 Rh6 0-1

[Event "Solingen-ch 2016"]
[Site "Solingen"]
[Date "2016.11.18"]
[Round "6.3"]
[White "Speck, Stefan"]
[Black "Zolfagharian, Kevin"]
[Result "0-1"]
[WhiteElo "1995"]
[BlackElo "2143"]
[PlyCount "140"]
[EventDate "2016.??.??"]
[WhiteTeam "SC Solingen 28"]
[BlackTeam "SG Solingen"]

1. e4 c5 2. c3 e5 3. Bc4 d6 4. Nf3 Nc6 5. O-O Qc7 6. Ng5 Nd8 7. f4 h6 8. Nf3
exf4 9. d4 g5 10. Na3 a6 11. e5 dxe5 12. Nxe5 Bg7 13. Re1 Ne7 14. Qa4+ Kf8 15.
Bd2 Rb8 16. Qd1 b5 17. Bb3 Qd6 18. dxc5 Qxc5+ 19. Be3 Qc7 20. Bd4 Nf5 21. Qe2
Ne3 22. Bxe3 Qxe5 23. Bxf4 Qxe2 24. Bd6+ Kg8 25. Rxe2 Rb7 26. Re8+ Kh7 27. Rae1
Bf5 28. Rxh8+ Bxh8 29. Re8 Rd7 30. Be5 Bxe5 31. Rxe5 Kg6 32. Rd5 Nc6 33. Rxd7
Bxd7 34. Nc2 Be6 35. Bxe6 fxe6 36. Kf2 Ne5 37. b3 Kf5 38. Nd4+ Kf6 39. Ke2 Ng6
40. Nc6 Nf4+ 41. Kf3 Nd5 42. c4 bxc4 43. bxc4 Nb6 44. Nb4 a5 45. c5 Nd7 46. Nd3
Ne5+ 47. Ke4 Nxd3 48. Kxd3 Ke7 49. Kd4 Kd7 50. Ke5 Kc6 51. Kxe6 Kxc5 52. Kf6
Kb4 53. Kg6 Ka3 54. Kxh6 Kxa2 55. Kxg5 Kb3 56. h4 a4 57. h5 a3 58. g4 a2 59.
Kg6 a1=Q 60. g5 Kc4 61. h6 Kd5 62. Kh7 Qa7+ 63. Kh8 Qf7 64. g6 Qxg6 65. h7 Qf6+
66. Kg8 Ke6 67. h8=N Qe7 68. Ng6 Qf7+ 69. Kh8 Kf6 70. Ne5 Qg7# 0-1

[Event "Solingen-ch 2016"]
[Site "Solingen"]
[Date "2016.11.18"]
[Round "6.5"]
[White "Skiber, Friedel"]
[Black "Borchert, Stephan"]
[Result "1/2-1/2"]
[WhiteElo "1727"]
[BlackElo "1964"]
[PlyCount "110"]
[EventDate "2016.??.??"]
[WhiteTeam "SG Solingen"]
[BlackTeam "SG Solingen"]

1. e4 c5 2. Nc3 Nc6 3. f4 g6 4. Bc4 a6 5. a4 Bg7 6. Nf3 e6 7. d3 Nge7 8. O-O
O-O 9. Qe1 d5 10. Bb3 Rb8 11. f5 exf5 12. Qh4 fxe4 13. dxe4 Nd4 14. Bg5 f6 15.
Bh6 Nxb3 16. cxb3 dxe4 17. Bxg7 Kxg7 18. Nxe4 b6 19. Rad1 Qe8 20. Nd6 Qc6 21.
Ne5 Qc7 22. Nec4 Be6 23. Ne4 Nf5 24. Qf2 Rbd8 25. Ncd2 Qe5 26. Nc3 Qe3 27. Rfe1
Qxf2+ 28. Kxf2 Rfe8 29. Re4 Kf7 30. b4 Rd4 31. bxc5 bxc5 32. h3 Red8 33. Rxd4
cxd4 34. Nce4 Rb8 35. b3 h5 36. Nc5 Rb6 37. Nf3 Rb4 38. g4 hxg4 39. hxg4 Ne3
40. Rxd4 Nd5 41. g5 a5 42. gxf6 Kxf6 43. Rxb4 Nxb4 44. Nd4 Bd5 45. Ke3 Ba8 46.
Nd7+ Kg5 47. Nb6 Bb7 48. Nc4 Nd5+ 49. Kd2 Ba6 50. Nxa5 Kf4 51. Nac6 g5 52. b4
g4 53. b5 Bb7 54. a5 Nc7 55. a6 Nxa6 1/2-1/2

[Event "Solingen-ch 2016"]
[Site "Solingen"]
[Date "2016.11.11"]
[Round "6.6"]
[White "Beyer, Fabian"]
[Black "Meckel, Helmut"]
[Result "0-1"]
[WhiteElo "1963"]
[BlackElo "1755"]
[PlyCount "76"]
[EventDate "2016.??.??"]
[WhiteTeam "SG Solingen"]
[BlackTeam "SG Solingen"]

1. d4 Nf6 2. c4 e5 3. d5 Bb4+ 4. Bd2 Qe7 5. a3 Bxd2+ 6. Qxd2 Ne4 7. Qc2 f5 8.
e3 O-O 9. Nc3 d6 10. Nf3 g5 11. Nd2 Nxd2 12. Qxd2 Nd7 13. Be2 Nf6 14. O-O f4
15. f3 Qg7 16. Ne4 Bd7 17. b4 Kh8 18. Rad1 Rad8 19. Nxf6 Rxf6 20. e4 Rg8 21.
Kh1 h5 22. g4 hxg4 23. fxg4 Qh7 24. Bf3 Kg7 25. Rg1 Rh6 26. Qe2 Rh8 27. Rg2 Rh3
28. Kg1 Be8 29. Rd2 Bg6 30. c5 Rxf3 31. Qxf3 Bxe4 32. Qc3 Bxg2 33. Rxg2 Qg6 34.
Rc2 Rf8 35. cxd6 cxd6 36. a4 Rf7 37. b5 Qe4 38. Rd2 Qe1+ 0-1

[Event "Solingen-ch 2016"]
[Site "Solingen"]
[Date "2016.11.18"]
[Round "6.7"]
[White "Rist, Kurt"]
[Black "Boschek, Dr. Hans-Joachim"]
[Result "0-1"]
[WhiteElo "1706"]
[BlackElo "1948"]
[PlyCount "78"]
[EventDate "2016.??.??"]
[WhiteTeam "SG Solingen"]
[BlackTeam "SG Solingen"]

1. e4 c5 2. Nf3 e6 3. d4 cxd4 4. Nxd4 a6 5. Nc3 Qc7 6. Be3 Nf6 7. f3 Bb4 8.
Nde2 O-O 9. Qd4 Nc6 10. Qb6 Qb8 11. O-O-O Ba5 12. Qb3 b5 13. Bc5 Rd8 14. Kb1
Bc7 15. a3 d6 16. Bf2 Bd7 17. Nd4 Na5 18. Qa2 b4 19. axb4 Qxb4 20. Nb3 Nc6 21.
Be1 Qb7 22. Bh4 a5 23. Bg3 e5 24. Bc4 Nb4 25. Qa3 a4 26. Nc1 Rdb8 27. Nd3 Ba5
28. Nd5 Nfxd5 29. exd5 Rc8 30. Nxb4 Bxb4 31. Qd3 Bf5 32. Qxf5 Rxc4 33. Rd3 Bc3
34. Rxc3 Rxc3 35. Be1 Rc5 36. Qe4 Rb8 37. b3 axb3 38. c3 Qa6 39. Kc1 b2+ 0-1